Southville International School and Colleges
Your cart is empty.
  • Cart
  • Lists
    Public lists Eva Luna New books Lux_list list_1
    Your lists Log in to create your own lists
  • Log in to your account
  • Your cookies
  • Search history
Southville International School and Colleges
  • Advanced search
  • Recent comments
  • Most popular
  • Libraries

Log in to your account

Log in with GOOGLE


If you do not have an external account, but do have a local account, you can still log in:

  1. Home
  2. MARC view: Introduction to automata theory, languages, and computation /
Normal view MARC view ISBD view

Introduction to automata theory, languages, and computation / (Record no. 15462)

[ view plain ]
MARC details
000 -LEADER
fixed length control field 01190cam a2200337 a 4500
001 - CONTROL NUMBER
control field 12154392
003 - CONTROL NUMBER IDENTIFIER
control field OSt
005 - DATE AND TIME OF LATEST TRANSACTION
control field 20140310182731.0
008 - FIXED-LENGTH DATA ELEMENTS--GENERAL INFORMATION
fixed length control field 000825s2001 maua b 001 0 eng
010 ## - LIBRARY OF CONGRESS CONTROL NUMBER
LC control number 00064608
020 ## - INTERNATIONAL STANDARD BOOK NUMBER
International Standard Book Number 9814096512
040 ## - CATALOGING SOURCE
Original cataloging agency DLC
Transcribing agency DLC
Modifying agency DLC
050 00 - LIBRARY OF CONGRESS CALL NUMBER
Classification number QA 267
Item number .H56 2001
100 1# - MAIN ENTRY--PERSONAL NAME
Personal name Hopcroft, John E.,
Dates associated with a name 1939-
245 10 - TITLE STATEMENT
Title Introduction to automata theory, languages, and computation /
Statement of responsibility, etc John E. Hopcroft, Rajeev Motwani, Jeffrey D. Ullman.
250 ## - EDITION STATEMENT
Edition statement 2nd ed.
260 ## - PUBLICATION, DISTRIBUTION, ETC. (IMPRINT)
Place of publication, distribution, etc Boston :
Name of publisher, distributor, etc Addison-Wesley,
Date of publication, distribution, etc 2001.
300 ## - PHYSICAL DESCRIPTION
Extent xiv, 521 p. :
Other physical details ill. ;
Dimensions 22 cm.
504 ## - BIBLIOGRAPHY, ETC. NOTE
Bibliography, etc Includes bibliographical references (p. 510-511) and index.
521 ## - TARGET AUDIENCE NOTE
Target audience note
562 ## - COPY AND VERSION IDENTIFICATION NOTE
Number of copies .
650 #0 - SUBJECT ADDED ENTRY--TOPICAL TERM
Topical term or geographic name as entry element Machine theory.
650 #0 - SUBJECT ADDED ENTRY--TOPICAL TERM
Topical term or geographic name as entry element Formal languages.
650 #0 - SUBJECT ADDED ENTRY--TOPICAL TERM
Topical term or geographic name as entry element Computational complexity.
700 1# - ADDED ENTRY--PERSONAL NAME
Personal name Motwani, Rajeev.
700 1# - ADDED ENTRY--PERSONAL NAME
Personal name Ullman, Jeffrey D.,
Dates associated with a name 1942-
906 ## - LOCAL DATA ELEMENT F, LDF (RLIN)
a 7
b cbc
c orignew
d 1
e ocip
f 20
g y-gencatlg
942 ## - ADDED ENTRY ELEMENTS (KOHA)
Source of classification or shelving scheme Library of Congress Classification
Koha item type Books
Call number prefix Foreign
Holdings
Withdrawn status Lost status Source of classification or shelving scheme Damaged status Home library Current library Shelving location Date acquired Source of acquisition Total Checkouts Full call number Barcode Date last seen Copy number Price effective from Koha item type
    Library of Congress Classification   Archives Archives   12/03/2013 Donation   QA 267 .H56 2001 C1282 05/15/2018 1 12/03/2013 Books

Introduction to automata theory, languages, and computation /

APA

Hopcroft J. E., Motwani R. & Ullman J. D. (2001). Introduction to automata theory, languages, and computation. Boston: Addison-Wesley.

Chicago

Hopcroft John E, Motwani Rajeev and Ullman Jeffrey D. 2001. Introduction to automata theory, languages, and computation. Boston: Addison-Wesley.

Harvard

Hopcroft J. E., Motwani R. and Ullman J. D. (2001). Introduction to automata theory, languages, and computation. Boston: Addison-Wesley.

MLA

Hopcroft John E, Motwani Rajeev and Ullman Jeffrey D. Introduction to automata theory, languages, and computation. Boston: Addison-Wesley. 2001.

  • Place hold
  • Print
  • Cite
  • Add to your cart (remove)
  • Save record
    BIBTEX Dublin Core MARCXML MARC (non-Unicode/MARC-8) MARC (Unicode/UTF-8) MARC (Unicode/UTF-8, Standard) MODS (XML) RIS
  • More searches
    Search for this title in:
    Other Libraries (WorldCat) Other Databases (Google Scholar) Online Stores (Bookfinder.com) Open Library (openlibrary.org)

Exporting to Dublin Core...

SOUTHVILLE LIBRARY

Southville International School and Colleges Library

1281 Tropical Ave. Cor. Luxembourg St., BF Homes International, Las Pinas City

Tel. No. 8256374 / 252358 Loc. 117/146

Powered by Koha